La orilla distante / (Record no. 78220)

MARC details
000 -LEADER
campo de control de longitud fija 00470nam a2200157 i 4500
001 - NÚMERO DE CONTROL
campo de control 78220
003 - IDENTIFICADOR DE NÚMERO DE CONTROL
campo de control ES-MaACL
007 - CAMPO FIJO DE DESCRIPCIÓN FÍSICA--INFORMACIÓN GENERAL
campo de control de longitud fija t|
008 - DATOS DE LONGITUD FIJA--INFORMACIÓN GENERAL
campo de control de longitud fija 041013s1953 sp ||||1| spa d
100 1# - ENTRADA PRINCIPAL--NOMBRE DE PERSONA
Nombre de persona Hartog, Jan de.
9 (RLIN) 61998
245 13 - MENCIÓN DEL TÍTULO
Título La orilla distante /
Mención de responsabilidad, etc. Jan de Hartog ; [versión española de Antonio Ribera].
260 ## - PUBLICACIÓN, DISTRIBUCIÓN, ETC.
Lugar de publicación, distribución, etc. Barcelona :
Nombre del editor, distribuidor, etc. Exito,
Fecha de publicación, distribución, etc. [1953] (
Fabricante Duplex)
300 ## - DESCRIPCIÓN FÍSICA
Extensión 307 p. ;
Dimensiones 20 cm.
700 1# - ENTRADA AGREGADA--NOMBRE PERSONAL
Nombre de persona Ribera, Antonio.
9 (RLIN) 96769
852 ## - LOCALIZACIÓN
Ubicación ES-MaACL
Número de control de estantería C-8651
Sublocalización o colección R.34825
Holdings
Estatus retirado Estado de pérdida Estado de daño No para préstamo Biblioteca de origen Biblioteca actual Ubicación en estantería Fecha de adquisición Fuente de adquisición Total de préstamos Signatura topográfica completa Código de barras Visto por última vez Precio de reemplazo Tipo de ítem Koha
        Biblioteca del Ateneo de Madrid Biblioteca del Ateneo de Madrid Sala Palomar 17/01/2008     C-8651 1081825 23/02/2023 23/02/2023 Libro impreso